Uma instituiçäo de ensino fundada por D. Pedro V: a Escola Real de Mafra (Record no. 350358)
[ view plain ]
| 000 -CABECERA | |
|---|---|
| Campo de control de longitud fija | 00411nab a22001097u 4500 |
| 008 - CÓDIGOS DE INFORMACIÓN DE LONGITUD FIJA | |
| Campo de control de longitud fija | 130520b2003 xxu||||| |||| 00| 0 por d |
| 041 ## - CÓDIGO DE LENGUA | |
| Código de lengua del texto/banda sonora o título independiente | por |
| 100 1# - PUNTO DE ACCESO PRINCIPAL-NOMBRE DE PERSONA | |
| Nombre de persona | Manique da Silva, Carlos |
| 9 (RLIN) | 65789 |
| 245 00 - MENCIÓN DE TÍTULO | |
| Título | Uma instituiçäo de ensino fundada por D. Pedro V: a Escola Real de Mafra |
| Mención de responsabilidad, etc. | Carlos Manique Da Silva |
| 773 0# - ENLACE AL DOCUMENTO FUENTE | |
| Título | Revista da Faculdade de Letras |
| Parte(s) relacionada(s) | V.4, nº4,2003,págs. 275-296 |
| Número Internacional Normalizado para Publicaciones Seriadas (ISSN) | 0871-164X |
| Número de control del registro relacionado | Rev369 |
| 942 ## - ENTRADA DE ELEMENTOS AGREGADOS (KOHA) | |
| Koha [por defecto] tipo de item | Artículos de revista |
| Suprimido | Perdido | Estropeado | No para préstamo | Localización permanente | Localización actual | Localización en estantería | Fecha adquisición | Préstamos totales | Fecha última consulta | Fecha del precio de reemplazo | Tipo de item de Koha |
|---|---|---|---|---|---|---|---|---|---|---|---|
| San Esteban | San Esteban | Depósito de revistas | 21/05/2013 | 21/05/2013 | 21/05/2013 | Artículos de revista |
